| 000 | 00491cam a22001571 4500 | ||
|---|---|---|---|
| 082 |
_a110 _bENV _cML-31,P.40 |
||
| 100 | 1 |
_aEnver, Ishrat Hasan. _937006 |
|
| 245 | 1 | 4 |
_aThe metaphysics of Iqbal. _cWith foreword by Syed Zafarul Hasan. |
| 260 |
_aLahore, _bSh. M. Ashraf _c[1963] |
||
| 300 |
_axvi, 105 p. _c22 cm. |
||
| 500 | _a"Revised edition 1955, reprinted 1963." | ||
| 526 |
_a0 _b0 _c0 _d110_000000000000000_ENV |
||
| 650 |
_aMCE _9379 |
||
| 700 | 1 |
_aIqbal, Muhammad, _99 |
|
| 942 |
_2ddc _cBK |
||
| 999 |
_c541927 _d541927 |
||